000 00322nam a2200133Ia 4500
005 20260326235441.0
008 260326s9999||||xx |||||||||||||| ||und||
100 _aDahinden, J.
245 0 _aNuevos Restaurantes /
_cJ. Dahinden
260 _bGustavo Gili
300 _a156 p.
650 _aARQUITECTURA CIVIL
942 _cBK
999 _c7403
_d7403